| 000 | 00684nam0a22002291 4500 | ||
|---|---|---|---|
| 001 | rc\1056639 | ||
| 005 | 20041129103912.5 | ||
| 035 | _a(NLR Aleph) 006217626 | ||
| 090 |
_a6435244 _c6435244 |
||
| 100 | _a20041129d1980 u |0rusy50 ca | ||
| 101 | 0 | _arus | |
| 102 | _aRU | ||
| 105 | _aa ||||||||| | ||
| 200 | 1 |
_aБелый марафон _e[Докум. повесть _eДля сред. и ст. возраста] |
|
| 210 |
_aМ. _cДет. лит. _d1980 |
||
| 215 |
_a159 с., 8 л. ил. _cил. _d20 |
||
| 700 | 1 |
_aБалаян _bЗ. Г. _gЗорий Гайкович |
|
| 801 | 0 |
_aRU _bNLR _gpsbo |
|
| 801 | 1 |
_aRU _bELAR _2rusmarc |
|
| 852 |
_aNLR _j80-3/10455 |
||
| 942 | _cBOOK | ||
| 980 | _aNB | ||